Harry Potter choix multiples😃 - Statistiques

Statistiques générales
  • Ce quiz a Ă©tĂ© pris 68 fois
  • Le rĂ©sultat moyen est 9 sur 15
Statistiques - réponses
Question Réponse % Correct
comment s appelle un des fils d harry ? Albus Severus
85%
comment s'appelle le pĂšre de Luna Xenophiluis
81%
et la fille de Ron et Hermione ? Rose
78%
quel est le fantome de poufsoufle ? le moine gras
75%
de quelle couleur est l oeil magique de maugrey fol oeil ? bleu
73%
comment s'appelle le frĂšre/la soeur de sirius ? RAB
73%
que faut il pour entrer dans la caverne dans harry potter 6? son sang
73%
qui remplace la grosse dame dans harry potter 3 ? le chevalier de Catogan
69%
quelle fruit faut il chatouillez pour entrer dans les cuisines de poudlard ? poire
66%
lequel n est pas mort pendant la baitaille de poudlard ? George Weasley
64%
comment s appelle la fille de voldemort ? Delphi
63%
en quelle année est sortie le premier film? 2001
56%
lequel de tous cela n est pas une notes aux B U S E excellent
42%
ou cho chang ammene t elle harry le jour de la saint valentin? chez madame Piedodu
37%
quel est le patronus de drago malefoy dragon
12%
Aucun quiz correspondant
Distribution des résultats
% des personnes avec chaque résultat
Percentile par nombre de réponses
Votre historique - résultats
Vous n’avez pas pris ce quiz